000 01434nam a22003377a 4500
005 20180803165542.0
008 140331s2010 ck ao gr|||| |||10 spa d
020 _a9789587195286
041 0 _aspa
044 _ack
082 0 4 _a590.7234
_bN124f
110 2 _aUniversidad Nacional de Colombia
_bFacultad de Ciencias
_bInstituto de Ciencias Naturales
_991332
245 1 0 _aFauna de la región de Campo Capote
_b(Puerto Parra, Santander)
_cUniversidad Nacional, Carolina Medellín, J. Avendaño, C. Saramientio, Ángela R. Amarillo S., M. Gonzalo Andrade-C., Nancy C. Rojas, Gary Stiles H., Y. Muñoz-S., J. Avendaño, Herón Romero
260 3 _aBogotá
_bUniversidad Nacional de Colombia
_c2010
300 _a146 p.
_bil., fot.
_c22 cm
504 _aIncluye bibliografía (páginas 139 - 146)
650 4 _aFauna
_z Santander (Colombia)
_vGuía de campo
_923164
650 4 _aAnimales
_x Fichas técnicas
_z Santander (Colombia)
_vGuía de campo
_923165
700 1 _aSarmiento Monroy, Carlos Eduardo
_eed.
_923166
700 1 _aMedellín, Carolina
_923167
700 1 _aAvendaño, J.
_923168
700 1 _aSaramientio, C.
_923169
700 1 _aAmarillo S., Ángela R.
_923170
700 1 _aGonzalo Andrade-C., M.
_923171
700 1 _aRojas, Nancy C.
_923172
700 1 _aStiles H., Gary
_923173
700 1 _aMuñoz-S., Y.
_923174
700 1 _aAvendaño, J.
_923175
700 1 _aRomero, Herón
_923176
942 _2ddc
_cImpreso
999 _c8324
_d8324